Oral and Maxillofacial Medicine: the basis of diagnisis and treatment (Record no. 5475)

MARC details
000 -LEADER
fixed length control field 00599nam a22002057a 4500
003 - CONTROL NUMBER IDENTIFIER
control field OSt
005 - DATE AND TIME OF LATEST TRANSACTION
control field 20170123143125.0
008 - FIXED-LENGTH DATA ELEMENTS--GENERAL INFORMATION
fixed length control field 170123b xxu||||| |||| 00| 0 eng d
020 ## - INTERNATIONAL STANDARD BOOK NUMBER
International Standard Book Number 9780443068188
040 ## - CATALOGING SOURCE
Transcribing agency DMLN
082 ## - DEWEY DECIMAL CLASSIFICATION NUMBER
Classification number WU290 S83o 2008
100 ## - MAIN ENTRY--PERSONAL NAME
Personal name Scully, Crispian
9 (RLIN) 11432
245 ## - TITLE STATEMENT
Title Oral and Maxillofacial Medicine: the basis of diagnisis and treatment
Statement of responsibility, etc. 2nd ed.
260 ## - PUBLICATION, DISTRIBUTION, ETC. (IMPRINT)
Place of publication, distribution, etc. Edinburgh; Churchill, 2008
300 ## - PHYSICAL DESCRIPTION
Extent xi,393p; col.ill: 27cm
504 ## - BIBLIOGRAPHY, ETC. NOTE
Bibliography, etc References, & Index included
650 ## - SUBJECT ADDED ENTRY--TOPICAL TERM
Topical term or geographic name as entry element Oral medicine
9 (RLIN) 2427
650 ## - SUBJECT ADDED ENTRY--TOPICAL TERM
Topical term or geographic name as entry element Dental diagnosis
9 (RLIN) 11433
942 ## - ADDED ENTRY ELEMENTS (KOHA)
Source of classification or shelving scheme Other/Generic Classification Scheme
Koha item type Open Shelf
Holdings
Withdrawn status Lost status Source of classification or shelving scheme Damaged status Not for loan Home library Current library Date acquired Source of acquisition Inventory number Total Checkouts Full call number Barcode Date last seen Koha item type
    Other/Generic Classification Scheme     MUST Main Library MUST Main Library 23/01/2017   10/32517   WU290 S83o 2008 2017-0051 23/01/2017 Open Shelf